000 00425nam a22001697a 4500
003 CEME
005 20210628205032.0
008 210223b xxu||||| |||| 00| 0 eng d
020 _a1-56091-601-X
040 _c.
082 _a629.25 DES'H
100 _aHarralson, Joseph
_973547
245 _aDesign of racing and high performance engines pt-53
260 _aWARRENDALE
_bSAE
_c1995
300 _a265P
942 _cBK
_2ddc
999 _c579246
_d579246